[Event "GER-chT U14"]
[Site "Kelheim"]
[Date "2022.12.28"]
[Round "4"]
[White "Lange, Tobias1111"]
[Black "Haase, Alexander"]
[Result "0-1"]
[WhiteElo "1472"]
[BlackElo "1432"]
[PlyCount "92"]
[EventDate "2022.12.26"]
[EventType "team-swiss"]
[EventRounds "7"]
[EventCountry "GER"]
[SourceTitle "CBM 212 Extra"]
[Source "ChessBase"]
[SourceDate "2023.03.31"]
[SourceVersion "1"]
[SourceVersionDate "2023.03.31"]
[SourceQuality "1"]
[WhiteTeam "Garching"]
[BlackTeam "Halle USV"]
[WhiteTeamCountry "GER"]
[BlackTeamCountry "GER"]

1. e4 c6 2. d4 d5 3. exd5 cxd5 4. Bd3 Nc6 5. Nf3 Bg4 6. c3 Qc7 7. h3 Bh5 8. 0-0 e6 9. Nbd2 Bd6 10. Qc2 Nf6 11. Ng5 h6 12. Nh7 Nxh7 13. Bxh7 g6 14. g4 Rxh7 15. gxh5 Nxd4 16. Qa4+ Nc6 17. hxg6 Rg7 18. Nf3 Rxg6+ 19. Kh1 0-0-0 20. Be3 Kb8 21. b4 e5 22. Rg1 Qc8 23. Nh2 Qxh3 24. Rxg6 fxg6 25. Rg1 e4 26. Rg2 Bxh2 27. b5 Bf4+ 28. Kg1 Bxe3 29. bxc6 Bb6 30. cxb7 Qxc3 31. Rxg6 Qe1+ 32. Kh2 Qxf2+ 33. Kh1 Rf8 34. Rxb6 Qxb6 35. Qd7 Qb1+ 36. Kg2 Qf1+ 37. Kg3 Rg8+ 38. Qg4 Qg1+ 39. Kf4 Qxg4+ 40. Ke3 Qf3+ 41. Kd4 Qd3+ 42. Kc5 e3 43. a4 e2 44. a5 e1Q 45. a6 Qe7+ 46. Kc6 Rg6# 0-1

[Event "Sachsen-Anhalt-ch op"]
[Site "Magdeburg"]
[Date "2021.10.29"]
[Round "4"]
[White "Hoffmann, Svenja"]
[Black "Haase, Alexander"]
[Result "1-0"]
[WhiteElo "1285"]
[BlackElo "1322"]
[PlyCount "81"]
[EventDate "2021.10.28"]
[EventType "swiss"]
[EventRounds "7"]
[EventCountry "GER"]
[SourceTitle "CBM 205 Extra"]
[Source "ChessBase"]
[SourceDate "2022.01.31"]
[SourceVersion "1"]
[SourceVersionDate "2022.01.31"]
[SourceQuality "1"]

1. e4 e5 2. Nf3 Nc6 3. c3 Nf6 4. d4 exd4 5. e5 Nd5 6. Nxd4 Bc5 7. Bc4 Nde7 8. Bg5 Nxe5 9. Bb3 0-0 10. Nd2 h6 11. Be3 Nd3+ 12. Ke2 Ne5 13. Re1 Ng4 14. Bf4 Ng6 15. Kf1 Nxf4 16. Qxg4 Ng6 17. Qxg6 d5 18. Qg3 Bd6 19. Qf3 c6 20. Bc2 Qg5 21. Qd3 g6 22. N2f3 Qh5 23. Ne2 Bxh2 24. Nxh2 Qxh2 25. Ng1 Bf5 26. Qd2 Bg4 27. Re3 h5 28. Rae1 h4 29. Qd4 Bd7 30. Re7 Be6 31. Bxg6 Qd6 32. R7xe6 fxe6 33. Qxh4 Qd7 34. Rxe6 Qg7 35. Bd3 Qh8 36. Rg6+ Kf7 37. Qf4+ Ke7 38. Qd6+ Ke8 39. Re6+ Kf7 40. Qd7+ Kg8 41. Rg6+ 1-0

[Event "Sachsen-Anhalt-ch op"]
[Site "Magdeburg"]
[Date "2021.10.28"]
[Round "2"]
[White "Kuhlmann, Nils Magnus"]
[Black "Haase, Alexander"]
[Result "1-0"]
[WhiteElo "1365"]
[BlackElo "1322"]
[PlyCount "27"]
[EventDate "2021.10.28"]
[EventType "swiss"]
[EventRounds "7"]
[EventCountry "GER"]
[SourceTitle "CBM 205 Extra"]
[Source "ChessBase"]
[SourceDate "2022.01.31"]
[SourceVersion "1"]
[SourceVersionDate "2022.01.31"]
[SourceQuality "1"]

1. e4 c5 2. Nf3 d6 3. d4 cxd4 4. Nxd4 Nf6 5. Nc3 a6 6. Qf3 e5 7. Nb3 Nc6 8. h3 Be6 9. Nd5 Be7 10. g4 Nxd5 11. exd5 Nb4 12. dxe6 Nxc2+ 13. Kd1 Nxa1 14. Qxf7# 1-0

[Event "GER Cup Net Final-C U1600"]
[Site "Playchess.com INT"]
[Date "2020.06.06"]
[Round "3"]
[White "Hellmich, Michael"]
[Black "Haase, Alexander"]
[Result "0-1"]
[WhiteElo "1443"]
[BlackElo "1363"]
[PlyCount "58"]
[EventDate "2020.06.06"]
[EventType "swiss (blitz)"]
[EventRounds "13"]
[EventCountry "GER"]
[SourceTitle "CBM 197 Extra"]
[Source "ChessBase"]
[SourceDate "2020.09.30"]
[SourceVersion "1"]
[SourceVersionDate "2020.09.30"]
[SourceQuality "1"]

1. e4 e5 2. Nf3 Nc6 3. d4 exd4 4. Bc4 Nf6 5. e5 Ng4 6. 0-0 d6 7. Re1 dxe5 8. Nxe5 Ngxe5 9. f4 Bb4 10. c3 dxc3 11. Qxd8+ Kxd8 12. bxc3 Nxc4 13. cxb4 Nxb4 14. Rd1+ Nd6 15. Nc3 Nc6 16. Nb5 a6 17. Nxd6 cxd6 18. Rxd6+ Kc7 19. Ba3 Re8 20. Rad1 Be6 21. R6d2 Rad8 22. Bb2 Rxd2 23. Rxd2 Bxa2 24. Be5+ Nxe5 25. Rxa2 Nd3 26. Rd2 Nxf4 27. Rc2+ Kb8 28. Kf2 Nd3+ 29. Kf3 Ne1+ 0-1

[Event "GER Cup Net Final-C U1600"]
[Site "Playchess.com INT"]
[Date "2020.06.06"]
[Round "10"]
[White "Kauschanski, Nicolas"]
[Black "Haase, Alexander"]
[Result "0-1"]
[WhiteElo "1469"]
[BlackElo "1363"]
[PlyCount "50"]
[EventDate "2020.06.06"]
[EventType "swiss (blitz)"]
[EventRounds "13"]
[EventCountry "GER"]
[SourceTitle "CBM 197 Extra"]
[Source "ChessBase"]
[SourceDate "2020.09.30"]
[SourceVersion "1"]
[SourceVersionDate "2020.09.30"]
[SourceQuality "1"]

1. d4 d5 2. Bf4 Nc6 3. Nf3 Bf5 4. e3 Nf6 5. Bd3 Bg4 6. h3 Bh5 7. c4 dxc4 8. Bxc4 Na5 9. Bd3 e6 10. Qa4+ Nc6 11. Nbd2 Bb4 12. Qc2 0-0 13. Be2 Bxf3 14. Bxf3 Qd7 15. 0-0 Rad8 16. a3 Ba5 17. b4 Bb6 18. b5 Na5 19. a4 c6 20. bxc6 bxc6 21. Rac1 Rc8 22. Nb3 Nxb3 23. Qc3 Nxc1 24. Qc2 c5 25. Qb3 Nxb3 0-1

[Event "GER Pfingstopen U12"]
[Site "Playchess.com INT"]
[Date "2020.06.02"]
[Round "5"]
[White "Haase, Alexander"]
[Black "Loeffelholz, Simon"]
[Result "0-1"]
[WhiteElo "1359"]
[BlackElo "1620"]
[PlyCount "96"]
[EventDate "2020.06.02"]
[EventType "swiss (blitz)"]
[EventRounds "11"]
[EventCountry "GER"]
[SourceTitle "CBM 197 Extra"]
[Source "ChessBase"]
[SourceDate "2020.09.30"]
[SourceVersion "1"]
[SourceVersionDate "2020.09.30"]
[SourceQuality "1"]

1. e4 e5 2. Nf3 Nc6 3. Bc4 Nf6 4. Nc3 g6 5. 0-0 Bg7 6. d3 0-0 7. Be3 d6 8. Qd2 Bg4 9. Qe2 Qd7 10. h3 Bxf3 11. Qxf3 Nd4 12. Bxd4 exd4 13. Ne2 b5 14. Bb3 h5 15. Nxd4 Nh7 16. Rfe1 Bxd4 17. c3 Bg7 18. d4 Ng5 19. Qf4 Bh6 20. Qf6 Bg7 21. Qxg5 c5 22. e5 dxe5 23. dxe5 c4 24. Bc2 f6 25. exf6 Bxf6 26. Qxg6+ Bg7 27. Qh7+ Kf7 28. Qg6+ Kg8 29. Qxh5 Qd6 30. Bh7+ Kh8 31. Bg6+ Kg8 32. Qh4 Qxg6 33. Qe7 Rae8 34. Qxa7 Rxe1+ 35. Rxe1 Qf5 36. Re7 Bf6 37. Rf7 Rxf7 38. Qb8+ Kg7 39. Qg3+ Bg5 40. h4 Qb1+ 41. Kh2 Kh6 42. hxg5+ Kg6 43. f4 Rh7+ 44. Qh3 Rxh3+ 45. Kxh3 Qxb2 46. Kg4 Qxa2 47. g3 Qe2+ 48. Kh4 Qh5# 0-1

[Event "GER Cup Net V4 U1600"]
[Site "Playchess.com INT"]
[Date "2020.05.31"]
[Round "9"]
[White "Haase, Alexander"]
[Black "Birk, Wilfried Christoph"]
[Result "1/2-1/2"]
[WhiteElo "1620"]
[BlackElo "1407"]
[PlyCount "53"]
[EventDate "2020.05.31"]
[EventType "swiss (blitz)"]
[EventRounds "9"]
[EventCountry "GER"]
[SourceTitle "EXT 2021"]
[Source "ChessBase"]
[SourceDate "2020.10.23"]
[SourceVersion "1"]
[SourceVersionDate "2020.10.23"]
[SourceQuality "1"]

1. e4 c6 2. d4 d5 3. exd5 cxd5 4. Nc3 Nf6 5. Bg5 e6 6. Nf3 Be7 7. Qe2 0-0 8. 0-0-0 Nc6 9. h4 h6 10. Bd2 a5 11. Rg1 b5 12. g4 b4 13. Nb1 a4 14. g5 Ne4 15. gxh6 g6 16. Ng5 Nxg5 17. hxg5 Nxd4 18. Qd3 Bc5 19. Rh1 Ba6 20. Qh3 b3 21. h7+ Kh8 22. Bc3 Qb6 23. Bxd4+ Bxd4 24. c3 Bg7 25. Bxa6 Rxa6 26. Nd2 bxa2 27. Kc2 1/2-1/2

[Event "GER Cup Net V4 U1600"]
[Site "Playchess.com INT"]
[Date "2020.05.31"]
[Round "3"]
[White "Winkler, Andreas1111"]
[Black "Haase, Alexander"]
[Result "1-0"]
[WhiteElo "1502"]
[BlackElo "1620"]
[PlyCount "75"]
[EventDate "2020.05.31"]
[EventType "swiss (blitz)"]
[EventRounds "9"]
[EventCountry "GER"]
[SourceTitle "EXT 2021"]
[Source "ChessBase"]
[SourceDate "2020.10.23"]
[SourceVersion "1"]
[SourceVersionDate "2020.10.23"]
[SourceQuality "1"]

1. e4 e5 2. Nf3 Nc6 3. Bb5 Bc5 4. 0-0 Nf6 5. h3 a6 6. Bxc6 bxc6 7. d3 0-0 8. c3 d5 9. Nxe5 Qd6 10. Bf4 Nh5 11. Qxh5 f6 12. Ng6 hxg6 13. Bxd6 Bxd6 14. Qxg6 Rf7 15. Nd2 Rb8 16. b3 Ba3 17. exd5 cxd5 18. Rab1 a5 19. Qg3 Bd6 20. f4 Ba6 21. Kh1 g5 22. c4 Bxf4 23. Rxf4 dxc4 24. Nxc4 Bxc4 25. Rxc4 Rg7 26. Rxc7 Ra8 27. Rxg7+ Kxg7 28. Qc7+ Kg6 29. g4 Rg8 30. Qc4 Rg7 31. Qe4+ Kh6 32. Qf5 Rg6 33. Re1 a4 34. bxa4 Rg7 35. Re6 Rb7 36. Rxf6+ Kg7 37. Qg6+ Kh8 38. Rf8# 1-0